000 00384 a2200133 4500
000 nam a22 7a 4500
100 _aShastri, Gyanprakash
110 _aShastri, Gyanprakash
245 _aनिरुक्त-भाष्य: Nirukta Bhashya vol 3
250 _aLatest edition
260 _bParimal Publication
_c2025
264 _bParimal Publication
_c2025
942 _cBK
999 _c395891
_d395891